000 00403 a2200133 4500
001 87654
082 _aPR 31
090 _c41112
_d41112
100 _aAsfandyar Awan, Plt Off 15472, 70(B) EC
245 _aDevelopment of an FPGA based video capture and compression card
260 _aRisalpur
_bCAE, PAF Academy Risalpur
_c2011
300 _ax, 51p.
_eIsrar Hussain, Wg Cdr
500 _aBE Project Reports
942 _aCAE NUST
_kPR 31
999 _c322727
_d322727